Kabale University Library Catalogue

Calculus : (Record no. 5851)

MARC details
000 -LEADER
fixed length control field 00670cam a2200229 a 4500
001 - CONTROL NUMBER
control field 14784273
003 - CONTROL NUMBER IDENTIFIER
control field OSt
005 - DATE AND TIME OF LATEST TRANSACTION
control field 20260203114747.0
008 - FIXED-LENGTH DATA ELEMENTS--GENERAL INFORMATION
fixed length control field 070326s2009 maua 001 0 eng
020 ## - INTERNATIONAL STANDARD BOOK NUMBER
International Standard Book Number 9780357908426
040 ## - CATALOGING SOURCE
Original cataloging agency KABLIB
Transcribing agency KABLIB
Language of cataloging eng
Description conventions rda
082 ## - DEWEY DECIMAL CLASSIFICATION NUMBER
Edition number 23
Classification number 515
Item number LAR
100 1# - MAIN ENTRY--PERSONAL NAME
Personal name Larson, Ron,
9 (RLIN) 14752
245 10 - TITLE STATEMENT
Title Calculus :
Remainder of title early transcendental functions /
Statement of responsibility, etc. Ron Larson, Bruce .
250 ## - EDITION STATEMENT
Edition statement 8th ed.
260 ## - PUBLICATION, DISTRIBUTION, ETC.
Place of publication, distribution, etc. Boston :
Name of publisher, distributor, etc. Cengage
Date of publication, distribution, etc. c 2024
300 ## - PHYSICAL DESCRIPTION
Extent xiii, 1128 p. :
Other physical details ill. (some col.) ;
Dimensions 27 cm.
504 ## - BIBLIOGRAPHY, ETC. NOTE
Bibliography, etc. note Includes appendices, index.
650 #0 - SUBJECT ADDED ENTRY--TOPICAL TERM
Topical term or geographic name entry element Calculus
Form subdivision Textbooks.
9 (RLIN) 14753
700 1# - ADDED ENTRY--PERSONAL NAME
Personal name Edwards, Bruce.
9 (RLIN) 14754
942 ## - ADDED ENTRY ELEMENTS (KOHA)
Source of classification or shelving scheme Dewey Decimal Classification
Koha item type Book
Holdings
Withdrawn status Lost status Source of classification or shelving scheme Damaged status Not for loan Home library Current library Shelving location Date acquired Source of acquisition Total Checkouts Full call number Barcode Date last seen Price effective from Koha item type
    Dewey Decimal Classification     Education Library Education Library Open Access Section 08.12.2025 Purchased   515 LAR 14126 08.12.2025 08.12.2025 Book
    Dewey Decimal Classification     Education Library Education Library Open Access Section 08.12.2025 Purchased   515 LAR 14127 08.12.2025 08.12.2025 Book

Kabale University Library | Kabale University P.O Box 317, Kabale, Uganda
Tel : +256754017033, +256774661503 E-mail : library@kab.ac.ug